Statistiques concernant Culture Générale - Série 1531

Cliquez ici pour prendre le quiz!

Statistiques générales

  • Ce quiz a été pris 51 fois
  • Le résultat moyen est 4 sur 10

Statistiques - réponses

QuestionRéponse% Correct
Que signifie l'abréviation "Cie", utilisée à la fin de la raison sociale de certaines sociétés ?Compagnie
92%
Dans quelle capitale scandinave peut-on visiter le musée Kon Tiki, ouvert en 1950 ?Oslo
79%
Dans quel pays d'Amérique du Nord se trouve l'État, semi-désertique, de Sonora ?Mexique
71%
Quel crocodilien a donné son nom à un archipel britannique des Antilles, au sud de Cuba ?caïman
60%
Quel petit reptile diurne a donné son nom à une constellation boréale, située entre celles du Cygne et d'Andromède ?lézard
40%
A quel pays appartiennent les îles Christmas ?Australie
33%
Quel traité a divisé l'empire de Charlemagne entre ses trois petits-fils en 843 ?traité de Verdun
31%
Dans quelle ville de l'Aude est stationné le régiment d'instruction et de formation de la Légion étrangère ?Castelnaudary
10%
Quel scientifique a découvert le vaccin contre la variole ?Edward Jenner
8%
Complétez le titre de cette pièce de Bertolt Brecht : "Le Cercle de craie...Caucasien
4%

Distribution des résultats

Percentile par nombre de réponses

% des personnes avec chaque résultat

Votre développement - résultats

Vous n’avez pas pris ce quiz